Statistics for Bordering Countries by Capital City #1

Click here to take the quiz!

General Stats

  • This quiz has been taken 50 times
  • The average score is 5 of 5

Answer Stats

Answer% Correct
Bulgaria
100%
Hungary
93%
Ukraine
93%
Moldova
91%
Serbia
91%

Score Distribution

Percentile by Number Answered

Percent of People with Each Score

Your Score History

You have not taken this quiz